| 000 | 01108nam a22002537a 4500 | ||
|---|---|---|---|
| 005 | 20170124103103.0 | ||
| 010 | _aA-692166 | ||
| 020 |
_c80.00 _a8185671222 |
||
| 035 | _aA-692166 | ||
| 037 | _bCen Lib/Ret | ||
| 040 |
_aDPL _bHN |
||
| 082 |
_aक _bराजेंद्र |
||
| 100 |
_aराजेंद्र राजन _977470 |
||
| 245 |
_aनवां दशक हिमांचल की प्रतिनिधि कहानियां / _cराजेंद्र राजन |
||
| 246 |
_aNavan dashak himanchal ki prtinidhi kahaniayan _bby Rajendr Rajan |
||
| 260 |
_aदिल्ली _bभावना प्रकाशन _c1994 |
||
| 270 |
_a126,पटपड़गंज _bदिल्ली _e110091 |
||
| 300 |
_a156पृष्ठ. _c20सेमी(सजिल्द) |
||
| 650 |
_aहिंदी साहित्य _977471 |
||
| 650 |
_aसंघर्षपूर्ण हिंदी कहानी _970553 |
||
| 650 |
_aHindi literature _977472 |
||
| 650 |
_aHindi tough story _977473 |
||
| 942 |
_2ddc _cHN _hक _mराजेंद्र |
||
| 999 |
_c117917 _d117917 |
||